000 00496nam a2200145 a 4500
008 120416s0000 ||||||||||||||||| || u
020 _a067520206x
050 _aHG 4015 Vis
100 _aViscione, Jerry A
245 1 0 _aContemporary financial management
260 _aColumbus
_bMerrill
_c1987
300 _axvi, 976p. : ill.
350 _a0.00
995 _D0.00
_FCBU-MAIN LIBRARY (Kitwe)
_H1
_I15.75
_M1
_UDAMAGED
_ZMain Library Open Access Collection
999 _c38632
_d38632